000 00318nam a22001457a 4500
020 _a978-1-40939-077-0
082 _a823
_bHOL/M
100 _aHOLOWATY, LAUREN
245 _aMONSHI MONSTERS
260 _aLONDON
_bPENGUIN BOOKS
_c2011
300 _a77
520 _aSHORT STORY
650 _aSHORT STORY
942 _cBK
999 _c6020
_d6020